Estatísticas para Mali

Clique aqui para jogar o quiz

Estatísticas Gerais

  • Esse quiz foi jogado 4 vezes
  • A pontuação média é 11 de 15

Estatísticas das Respostas

HintResposta% Correto
Onde fica?África
100%
Com que país faz fronteira a Norte?Argélia
100%
De que país é independente?França
100%
Qual é o seu idioma?Francês
100%
Qual é o desporto mais popular?Futebol
100%
Qual é a sua religião?Islamismo
100%
Qual é o seu código ISO?MLI
100%
Com que país faz fronteira a Leste?Níger
100%
Qual é o deserto que atravessa o país?Saara
100%
Qual é o seu tipo de clima?Tropical
100%
Qual é a sua moeda?Franco CFA
50%
O que significa a cor amarela na bandeira?Ouro
50%
Qual é a sua capital?Bamaco
0%
O que significa a cor verde na bandeira?Fertilidade
0%
O que significa a cor vermelha na bandeira?Sangue derramado
0%

Distribuição das Pontuações

Percentil de Números Respondidos

Porcentagem de Pessoas com Cada Pontuação

Sua Pontuação Histórica

Você não jogou esse quiz